Régimen remuneratorio del viajante vendedor. Análisis de la antigüedad y la garantía mínima mensual / (Registro nro. 5948)
[ vista simple ]
| 000 -LEADER | |
|---|---|
| fixed length control field | 01211nab a22002177a 4500 |
| 003 - CONTROL NUMBER IDENTIFIER | |
| control field | OSt |
| 005 - DATE AND TIME OF LATEST TRANSACTION | |
| control field | 20260114022956.0 |
| 008 - FIXED-LENGTH DATA ELEMENTS--GENERAL INFORMATION | |
| fixed length control field | 190605e xxu||||| |||| 00| 0 spa d |
| 040 ## - CATALOGING SOURCE | |
| Transcribing agency | PJ |
| 100 ## - MAIN ENTRY--PERSONAL NAME | |
| 9 (RLIN) | 6793 |
| Personal name | Aren, Rodrigo Diego Luis |
| 245 10 - TITLE STATEMENT | |
| Title | Régimen remuneratorio del viajante vendedor. Análisis de la antigüedad y la garantía mínima mensual / |
| Statement of responsibility, etc | Rodrigo Diego Luis Aren. |
| 260 ## - PUBLICATION, DISTRIBUTION, ETC. (IMPRINT) | |
| Place of publication, distribution, etc | Ciudad Autónoma de Buenos Aires : |
| Name of publisher, distributor, etc | Thomson Reuters La Ley, |
| Date of publication, distribution, etc | 2024. |
| 300 ## - PHYSICAL DESCRIPTION | |
| Extent | p. 108-117 |
| 500 ## - GENERAL NOTE | |
| General note | Cita: TR LALEY AR/DOC/2997/2023.<br/><br/> |
| 505 ## - FORMATTED CONTENTS NOTE | |
| Formatted contents note | Sumario: I. Cuestiones preliminares.— II. La remuneración. Concepto.— III. La remuneración de los viajantes vendedores.— IV. La Garantía Mínima Mensual.— V. La antigüedad en las relaciones laborales.— VI. La antigüedad y su incidencia en la garantía mínima mensual.— VII. Conclusiones. |
| 505 ## - FORMATTED CONTENTS NOTE | |
| Title | ¿Te interesa el texto completo? Solicitalo al correo: koha@justierradelfuego.gov.ar |
| 650 #0 - SUBJECT ADDED ENTRY--TOPICAL TERM | |
| 9 (RLIN) | 1316 |
| Topical term or geographic name as entry element | DERECHO LABORAL |
| 650 #0 - SUBJECT ADDED ENTRY--TOPICAL TERM | |
| 9 (RLIN) | 1362 |
| Topical term or geographic name as entry element | VIAJANTES DE COMERCIO |
| 773 0# - HOST ITEM ENTRY | |
| Host Biblionumber | 2711 |
| Host Itemnumber | 3168 |
| Place, publisher, and date of publication | Ciudad Autónoma de Buenos Aires : Thomson Reuters La Ley, 1999-2002. |
| Title | Revista de derecho del trabajo. Nº 3 - Mayo 2024 |
| 942 ## - ADDED ENTRY ELEMENTS (KOHA) | |
| Source of classification or shelving scheme | |
| Koha item type | Analítica Artículo de Revista |
No hay ítems disponibles.
